000 01839cam a2200481 a 4500
001 60391
005 20230411085934.0
008 920904s1990 sp a b 001 0 spa
010 _a 92210977
035 _a(OCoLC)ocm27429045
040 _aDLC
_cDLC
_dUIU
_dPL#
_dDIBAM
_dUBA
020 _a8400070690
020 _a9788400070694
029 1 _aAU@
_b000009338239
035 _a(OCoLC)27429045
041 0 _aspaeng
043 _an------
_as------
_ae------
050 1 4 _aE59.P89
_bI31 1990
092 0 _a305.898
_bIm1
_220
049 _aGRAL
245 0 3 _aLa Imagen del Indio en la Europa moderna.
260 _a[Sevilla] :
_bConsejo Superior de Investigaciones Científicas, Fundación Europea de la Ciencia, Escuela de Estudios Hispano-Americanos,
_c[1990]
300 _axvi, 514 p. :
_bill. ;
_c24 cm.
490 1 _aPublicaciones de la Escuela de Estudios Hispano-Americanos de Sevilla ;
_v353
500 _aSpanish and English.
504 _aIncludes bibliographical references (p. 489-514) and index.
650 0 _aIndians
_xPublic opinion.
650 0 _aIndians
_xHistory.
650 0 _aPublic opinion
_zEurope.
653 _aIndios
_aCultura.
650 7 _aINDIOS DE AMERICA DEL SUR
_xCONGRESOS.
_2renib
651 7 _aEUROPA
_xCIVILIZACION
_ySIGLOS 16-17.
_2renib
650 7 _aíndios (aspectos culturais)
_zEuropa.
_2larpcal
650 7 _aOpiniao pública (psicologia)
_zEuropa.
_2larpcal
650 7 _aEtnologia.
_2larpcal
710 2 _aEscuela de Estudios Hispano-Americanos (Consejo Superior de Investigaciones Científicas)
710 2 _aEuropean Science Foundation.
830 0 _aPublicaciones de la Escuela de Estudios Hispano-Americanos de la Universidad de Sevilla ;
_v353.
938 _aPuvill Libros
_bPUVL
_n8400070690
_c$30.05
942 _2lcc
_cbk
946 _amjcruz
994 _aC0
_bDRFGD
999 _c109664
_d109664